000
00342nam a2200133Ia 4500
003
PILC
008
220421s2001 xx 000 0 und d
040
_c
EARIST LIBRARY
100
_a
Allan B. Bernardino
_9
1018
245
0
_a
Phillipine Journal of Englishtics /
260
_b
Hungry minds, inc. :
_c
2001.
999
_c
2409
_d
2409
942
_2
ddc
_c
BK